000
00316 a2200109 4500
001
ART_3047
005
20260410161712.0
008
260409a
245
1
0
_a
El surgimiento del peronismo
100
1
_a
Germani, Gino
773
0
_t
Desarrollo económico
_g
- Vol. 13, Nº 51 (oct./dic. 1973)
_w
REV1174
999
_c
16166
_d
16166